[Event "XIII Festival Scacchi tra le Torri A"]
[Site "Melegnano ITA"]
[Date "2014.03.02"]
[Round "5"]
[White "Bemporad, Filippo"]
[Black "Pelizzola, Danilo"]
[WhiteElo "2058"]
[BlackElo "2143"]
[Result "0-1"]
[PlyCount "126"]
[EventDate "2014.02.28"]

1. d4 d5 2. c4 c6 3. Nc3 Nf6 4. Nf3 e6 5. g3 Be7 6. Bg2 O-O 7. O-O b6 8. Ne5
Bb7 9. e4 dxc4 10. Nxc4 Ba6 11. b3 b5 12. Ne3 b4 13. Ne2 Bxe2 14. Qxe2 Qxd4 15.
Bb2 Qb6 16. g4 Na6 17. Nc4 Qb5 18. f4 Nd7 19. g5 Nb6 20. Rac1 Nxc4 21. Rxc4 f6
22. gxf6 Bxf6 23. e5 Be7 24. Qg4 Bc5+ 25. Kh1 Rae8 26. Be4 Qb7 27. Rfc1 Qd7 28.
Qg2 Rc8 29. Qc2 g6 30. Rxc5 Nxc5 31. Qxc5 Rxf4 32. Qe3 Rcf8 33. Bxc6 Qf7 34.
Bg2 Rf2 35. Bd4 Rxa2 36. Bc5 Qf4 37. Qxf4 Rxf4 38. Bh3 Kf7 39. Rf1 Rxf1+ 40.
Bxf1 a5 41. Bb5 Rc2 42. Bb6 Rd2 43. Bc4 Ra2 44. Bb5 g5 45. Ba4 Re2 46. Bxa5
Rxe5 47. Bxb4 Re2 48. Bb5 Rb2 49. Bc4 g4 50. Bc5 Rc2 51. Kg1 h5 52. Bd4 h4 53.
Bf2 h3 54. Bg3 Kf6 55. Bd3 Rb2 56. Bc4 e5 57. Kf1 Kf5 58. Bd5 Rd2 59. Bc6 Rb2
60. Bd5 e4 61. Bc7 e3 62. Bb8 Rf2+ 63. Kg1 Rd2 0-1

[Event "XIII Festival Scacchi tra le Torri A"]
[Site "Melegnano ITA"]
[Date "2014.03.02"]
[Round "5"]
[White "Blengino, Cristiano"]
[Black "Tagliaferri, Valerio"]
[WhiteElo "1943"]
[BlackElo "1892"]
[Result "0-1"]
[PlyCount "96"]
[EventDate "2014.02.28"]

1. d4 e6 2. Nf3 Nf6 3. c4 b6 4. g3 Bb7 5. Bg2 Bb4+ 6. Bd2 Qe7 7. O-O Bxd2 8.
Qxd2 d6 9. Nc3 a6 10. Rfe1 Ne4 11. Qd3 Nxc3 12. bxc3 Nd7 13. e4 e5 14. a4 a5
15. Nd2 O-O 16. f4 f6 17. Qc2 Rfe8 18. f5 Qf7 19. Rad1 Rad8 20. Qb3 Ba6 21. Bf1
Rb8 22. Nb1 Red8 23. Na3 Kf8 24. Qc2 Ra8 25. Rd2 Ke7 26. Rg2 Kf8 27. Bd3 Ke7
28. Qe2 Kf8 29. Bc2 Ke7 30. Qd1 Bxc4 31. Nb1 Kf8 32. Nd2 Rdb8 33. g4 h6 34. h4
Ke7 35. g5 hxg5 36. hxg5 Rh8 37. Re3 Raf8 38. Reg3 b5 39. axb5 Bxb5 40. Bb3 Qh5
41. gxf6+ gxf6 42. Qc2 Qh1+ 43. Kf2 Rh2 44. c4 Rxg2+ 45. Rxg2 Qh4+ 46. Rg3 Rg8
47. Nf1 Rxg3 48. Nxg3 Qh2+ 0-1

[Event "XIII Festival Scacchi tra le Torri A"]
[Site "Melegnano ITA"]
[Date "2014.03.02"]
[Round "5"]
[White "Bonassi, Tommaso"]
[Black "Salvador, Roland"]
[WhiteElo "1953"]
[BlackElo "2462"]
[Result "0-1"]
[PlyCount "52"]
[EventDate "2014.02.28"]

1. e4 c5 2. Nf3 e6 3. d4 cxd4 4. Nxd4 a6 5. Bd3 Qc7 6. O-O Nc6 7. Nf3 Nf6 8.
Nc3 Bc5 9. Qe2 Ng4 10. g3 b5 11. Nd1 Bb7 12. Ne3 h5 13. c3 Nce5 14. Nxe5 Nxe5
15. Bc2 f5 16. Ng2 h4 17. gxh4 Qc6 18. Bf4 Ng6 19. Bg5 fxe4 20. Qg4 Ne5 21. Qg3
Nf3+ 22. Kh1 Bd6 23. Bf4 Bxf4 24. Qg6+ Kd8 25. Nxf4 Rxh4 26. h3 Rxf4 0-1

[Event "XIII Festival Scacchi tra le Torri A"]
[Site "Melegnano ITA"]
[Date "2014.03.02"]
[Round "5"]
[White "Gromovs, Sergejs"]
[Black "Magrini, Fabrizio"]
[WhiteElo "2181"]
[BlackElo "2158"]
[Result "0-1"]
[PlyCount "84"]
[EventDate "2014.02.28"]

1. d4 Nf6 2. Nf3 e6 3. c4 c5 4. d5 exd5 5. cxd5 d6 6. Nc3 g6 7. e4 Bg7 8. Bg5
h6 9. Bh4 g5 10. Bg3 Nh5 11. Bb5+ Kf8 12. e5 Nxg3 13. fxg3 a6 14. Bd3 dxe5 15.
O-O Kg8 16. Qe2 b5 17. Nxe5 Ra7 18. Nxf7 Rxf7 19. Rxf7 Kxf7 20. Rf1+ Kg8 21.
Bg6 Bd4+ 22. Kh1 Kg7 23. Bf7 h5 24. Bxh5 Rf8 25. Rd1 Rf2 26. Qe1 Qf8 27. Ne4
Rf5 28. Bg4 Re5 29. Bf3 g4 30. Qe2 gxf3 31. gxf3 Bb7 32. b4 Bxd5 33. bxc5 Bxc5
34. Kg2 Nc6 35. Qb2 Bxe4 36. fxe4 Qf6 37. Rf1 Rf5 38. Qc1 Rxf1 39. Qxc5 Re1 40.
Kh3 Re2 41. Qd5 Ne5 42. Qb7+ Kh6 0-1

[Event "XIII Festival Scacchi tra le Torri A"]
[Site "Melegnano ITA"]
[Date "2014.03.02"]
[Round "5"]
[White "Innocenti, Giovanni"]
[Black "Zanetti, Alberto"]
[WhiteElo "2083"]
[BlackElo "2162"]
[Result "1-0"]
[PlyCount "115"]
[EventDate "2014.02.28"]

1. e4 d5 2. exd5 c6 3. dxc6 Nxc6 4. Nc3 e5 5. Bb5 Bd6 6. d4 exd4 7. Qxd4 Nf6 8.
Bg5 Be7 9. Qxd8+ Bxd8 10. O-O-O O-O 11. h3 h6 12. Be3 Ba5 13. Nge2 Be6 14. Bxc6
bxc6 15. Bd4 Bxc3 16. Nxc3 Nd5 17. Nxd5 cxd5 18. Rhe1 Rfc8 19. Re3 Kf8 20. Rb3
a6 21. Rb6 Rcb8 22. Rd3 Rxb6 23. Bxb6 h5 24. Ra3 Ke7 25. b4 Bd7 26. Ra5 Bc6 27.
Kd2 g6 28. a4 Kd6 29. Kd3 Bb7 30. Rc5 Bc6 31. Ra5 Bb7 32. b5 Bc8 33. Kd4 Bb7
34. Bc5+ Ke6 35. h4 axb5 36. Rxa8 Bxa8 37. axb5 Bb7 38. Bf8 Kd7 39. g3 Ke8 40.
Bh6 Kd7 41. Kc5 Kc7 42. Bf4+ Kd7 43. Kb6 Kc8 44. c3 d4 45. cxd4 Ba8 46. Kc5 Kd7
47. d5 Bb7 48. d6 Bf3 49. Kb6 f6 50. Ka7 g5 51. hxg5 fxg5 52. Be5 h4 53. gxh4
gxh4 54. b6 Kc8 55. Bh2 h3 56. Bg3 Bc6 57. f4 Kd7 58. f5 1-0

[Event "XIII Festival Scacchi tra le Torri A"]
[Site "Melegnano ITA"]
[Date "2014.03.02"]
[Round "5"]
[White "Xia, Jie"]
[Black "Collutiis, Duilio"]
[WhiteElo "2274"]
[BlackElo "2474"]
[Result "1-0"]
[PlyCount "62"]
[EventDate "2014.02.28"]

1. e4 c5 2. Nf3 Nc6 3. d4 cxd4 4. Nxd4 Qc7 5. Nc3 e6 6. Be2 a6 7. O-O Nf6 8.
Kh1 Nxd4 9. Qxd4 Bc5 10. Qd3 b5 11. f4 Bb7 12. e5 Nd5 13. Bf3 Nxc3 14. Bxb7
Qxb7 15. Qxc3 Rc8 16. Qg3 g6 17. c3 h5 18. h3 h4 19. Qd3 Rh5 20. Bd2 d6 21. b4
Bb6 22. f5 gxf5 23. exd6 Kd7 24. Qe2 Rg8 25. a4 Rh7 26. axb5 Rg3 27. Rf3 Rxf3
28. gxf3 axb5 29. Be3 Kxd6 30. Bxb6 Qxb6 31. Qd2+ Ke5 1-0

[Event "Open SSM Inverno"]
[Site "Milano ITA"]
[Date "2014.01.16"]
[Round "2"]
[White "Aloe, Giancarlo"]
[Black "Marchesotti, Giovanni"]
[WhiteElo "1719"]
[BlackElo "1526"]
[Result "1-0"]
[PlyCount "113"]
[EventDate "2014.01.14"]

1. d4 Nf6 2. Nf3 b6 3. g3 Bb7 4. Bg2 e6 5. O-O Be7 6. c4 O-O 7. Nbd2 d6 8. b3
Nbd7 9. Bb2 c5 10. e3 Qc7 11. Rc1 Rac8 12. Re1 Ne4 13. Qc2 Nxd2 14. Qxd2 Bf6
15. e4 g6 16. e5 dxe5 17. dxe5 Bg7 18. Rcd1 Bxf3 19. Bxf3 Nxe5 20. Bg2 Rfd8 21.
Qe2 Nc6 22. Bxg7 Kxg7 23. Qb2+ Kg8 24. Qf6 Qe7 25. Qf4 Rd4 26. Rxd4 Nxd4 27.
Qe4 Rd8 28. h4 Nf5 29. h5 Rd4 30. Qe5 Qd6 31. Qe2 Rd2 32. Qf3 Qd7 33. Bh3 Rd3
34. Qa8+ Qd8 35. Qxa7 Rd7 36. Qa3 Rd1 37. Rf1 Rxf1+ 38. Bxf1 Qd4 39. Qa8+ Kg7
40. Qf3 Qa1 41. g4 Nd4 42. Qe4 gxh5 43. Qe5+ Kg8 44. Qb8+ Kg7 45. gxh5 Nf3+ 46.
Kg2 Qe5 47. h6+ Kg6 48. Bd3+ Kg5 49. Qg8+ Kxh6 50. Qxh7+ Kg5 51. Kxf3 Qf4+ 52.
Ke2 Qg4+ 53. Kd2 Qf4+ 54. Kd1 Qg4+ 55. Be2 Qd4+ 56. Kc2 Qxf2 57. Qh5+ 1-0

[Event "Open SSM Inverno"]
[Site "Milano ITA"]
[Date "2014.01.16"]
[Round "2"]
[White "Bracco, Valter"]
[Black "Colica, Daniele"]
[WhiteElo "1485"]
[BlackElo "1698"]
[Result "1/2-1/2"]
[PlyCount "120"]
[EventDate "2014.01.14"]

1. e4 Nf6 2. Nc3 d5 3. exd5 Nxd5 4. Nxd5 Qxd5 5. Nf3 Bg4 6. Be2 e6 7. c3 Be7 8.
Qa4+ Nc6 9. Qxg4 Bf6 10. d4 h5 11. Qf4 O-O-O 12. Qd2 g5 13. Nxg5 Rdg8 14. h4
Qxg2 15. Bf3 Bxg5 16. Qe2 Bd2+ 17. Bxd2 Qxh1+ 18. Bxh1 Rg1+ 19. Qf1 Rhg8 20.
Ke2 Rxf1 21. Rxf1 f6 22. Bf3 e5 23. dxe5 Nxe5 24. Bxh5 Rh8 25. Bf3 Rxh4 26. Rg1
b6 27. b3 a5 28. c4 Kd8 29. Bc3 Rf4 30. Bxe5 fxe5 31. Ke3 Ke7 32. Rg4 Rf6 33.
Ke4 Kd6 34. Rg2 Rf4+ 35. Ke3 Rh4 36. Rg4 Rh3 37. Ke2 Kc5 38. a3 Rh8 39. Rg7 e4
40. Bxe4 Kd4 41. f3 Rh2+ 42. Kd1 Ra2 43. Rxc7 Rxa3 44. Kc2 Ra2+ 45. Kb1 Rf2 46.
Rc6 Kc3 47. Rxb6 Rb2+ 48. Kc1 a4 49. Rd6 a3 50. Ra6 Rf2 51. Kd1 a2 52. Ke1 Rb2
53. c5 Rb1+ 54. Kf2 a1=Q 55. Rxa1 Rxa1 56. c6 Ra7 57. Ke3 Kxb3 58. Kd4 Kb4 59.
Kd5 Kb5 60. Kd6 Kb6 1/2-1/2

[Event "Open SSM Inverno"]
[Site "Milano ITA"]
[Date "2014.01.16"]
[Round "2"]
[White "Capostagno, Francesco"]
[Black "Costisanu, Romica"]
[WhiteElo "1695"]
[BlackElo "1484"]
[Result "1-0"]
[PlyCount "23"]
[EventDate "2014.01.14"]

1. e4 e5 2. Nc3 c6 3. d4 exd4 4. Qxd4 d6 5. Bf4 Qb6 6. O-O-O c5 7. Qd2 Be6 8.
Bxd6 Ne7 9. Bxc5 Qa5 10. Nb5 Nbc6 11. Qxa5 Nxa5 12. Nc7# 1-0

[Event "Open SSM Inverno"]
[Site "Milano ITA"]
[Date "2014.01.16"]
[Round "2"]
[White "Carito, Riccardo"]
[Black "Brisotto, Stefano"]
[WhiteElo "1712"]
[BlackElo "1492"]
[Result "1-0"]
[PlyCount "77"]
[EventDate "2014.01.14"]

1. d4 Nf6 2. c4 c5 3. d5 b5 4. cxb5 a6 5. b6 Qxb6 6. Nc3 g6 7. e4 d6 8. Nf3 Bg7
9. Be2 O-O 10. O-O Nbd7 11. Qc2 a5 12. Nd2 Ba6 13. Bxa6 Qxa6 14. a4 Qb7 15. Nb5
Nb8 16. Nb1 Na6 17. N1c3 Nb4 18. Qe2 Qd7 19. Bd2 Rfe8 20. Qc4 Ng4 21. Bf4 Ne5
22. Bxe5 Bxe5 23. Rad1 Nc2 24. Ne2 Nb4 25. b3 h5 26. Nc1 g5 27. Qe2 g4 28. f3
Kg7 29. Nd3 Nxd3 30. Rxd3 Rh8 31. f4 Bf6 32. e5 dxe5 33. fxe5 Bg5 34. e6 fxe6
35. dxe6 Qb7 36. Rd7 Qc6 37. Qe5+ Bf6 38. Rxe7+ Kg6 39. Rxf6# 1-0

[Event "Open SSM Inverno"]
[Site "Milano ITA"]
[Date "2014.01.16"]
[Round "2"]
[White "Chiapperini, Christian"]
[Black "Alidosi, Marco"]
[WhiteElo "1516"]
[BlackElo "1775"]
[Result "0-1"]
[PlyCount "86"]
[EventDate "2014.01.14"]

1. e4 c5 2. Nf3 Nc6 3. d4 cxd4 4. Nxd4 g6 5. Bc4 Bg7 6. Be3 Nf6 7. Nc3 Qa5 8.
Qd2 Qb4 9. Bb3 Nxe4 10. Nxc6 bxc6 11. Nxe4 Qxe4 12. f3 Qh4+ 13. Bf2 Qf6 14. c3
O-O 15. O-O e5 16. Bg3 d5 17. Rfe1 Qe7 18. Bxe5 Bxe5 19. Qe3 Bxh2+ 20. Kxh2
Qh4+ 21. Kg1 Bd7 22. Rad1 Rfe8 23. Qd2 Be6 24. Qf2 Qxf2+ 25. Kxf2 Rab8 26. Re2
h5 27. Rde1 Rec8 28. Re5 Kg7 29. Rh1 Kf6 30. Rhe1 Rh8 31. c4 dxc4 32. Ba4 Rxb2+
33. Kg3 h4+ 34. Kf4 Bd5 35. Re7 g5+ 36. Kg4 Be6+ 37. R7xe6+ fxe6 38. Bxc6 Rxg2+
39. Kh3 Rxa2 40. Bd7 e5 41. Rd1 Rd8 42. Rd5 c3 43. Rd6+ Ke7 0-1

[Event "Open SSM Inverno"]
[Site "Milano ITA"]
[Date "2014.01.16"]
[Round "2"]
[White "Croso, Marco"]
[Black "Vezzosi, Paolo"]
[WhiteElo "1861"]
[BlackElo "2252"]
[Result "0-1"]
[PlyCount "84"]
[EventDate "2014.01.14"]

1. d4 Nf6 2. c4 e6 3. Nc3 Bb4 4. Qc2 d5 5. Nf3 O-O 6. Bg5 h6 7. Bh4 c5 8. e3
cxd4 9. exd4 Nc6 10. a3 Be7 11. Rd1 b6 12. Be2 Bb7 13. O-O dxc4 14. Bxc4 Na5
15. Be2 Rc8 16. Qd3 Nc4 17. Rb1 a6 18. Ne5 Nd6 19. f4 b5 20. Bf3 Bxf3 21. Rxf3
Nf5 22. Bf2 Nd5 23. Ne2 Qc7 24. g4 Nd6 25. Rc1 Qb7 26. Rd1 Nc4 27. Nxc4 bxc4
28. Qe4 Qxb2 29. Rh3 Nf6 30. Qf3 Qc2 31. Nc3 Rfd8 32. g5 hxg5 33. fxg5 Qg6 34.
Kh1 Nh7 35. Rg1 Nxg5 36. Qb7 Bf6 37. Rhg3 Rb8 38. Qxa6 Rb2 39. Be3 Qc2 40. R1g2
Qxc3 41. Bxg5 Qe1+ 42. Rg1 Qe4+ 0-1

[Event "Open SSM Inverno"]
[Site "Milano ITA"]
[Date "2014.01.16"]
[Round "2"]
[White "Darvishi, Mahmood"]
[Black "Villalba, Fernando"]
[WhiteElo "2056"]
[BlackElo "1856"]
[Result "1/2-1/2"]
[PlyCount "79"]
[EventDate "2014.01.14"]

1. e4 c5 2. Nf3 Nc6 3. c3 d6 4. d4 cxd4 5. cxd4 g6 6. Bc4 Bg7 7. Nc3 Nf6 8. O-O
O-O 9. h3 a6 10. a4 Bd7 11. Qe2 Na5 12. Ba2 Nc6 13. e5 dxe5 14. dxe5 Ne8 15. e6
fxe6 16. Bxe6+ Bxe6 17. Qxe6+ Kh8 18. Ng5 Nd6 19. Qg4 Qc8 20. Qh4 h6 21. g4 Ne5
22. Re1 Nef7 23. Nxf7+ Nxf7 24. Nd5 g5 25. Qh5 Qc5 26. Nxe7 Ne5 27. Nf5 Nf3+
28. Kf1 Nxe1 29. Kxe1 Qe5+ 30. Be3 Rxf5 31. gxf5 Qxf5 32. h4 Qh3 33. Rd1 Qxh4
34. Qxh4 gxh4 35. Bd4 Re8+ 36. Kf1 Re4 37. Bxg7+ Kxg7 38. Rd7+ Kg6 39. Rxb7
Rxa4 40. Kg2 1/2-1/2

[Event "Open SSM Inverno"]
[Site "Milano ITA"]
[Date "2014.01.16"]
[Round "2"]
[White "Greco, Giovanni"]
[Black "Blengino, Cristiano"]
[WhiteElo "1402"]
[BlackElo "1933"]
[Result "1/2-1/2"]
[PlyCount "125"]
[EventDate "2014.01.14"]

1. d4 Nf6 2. c4 g6 3. Nc3 d5 4. Nf3 Bg7 5. b3 O-O 6. e3 c5 7. Bb2 cxd4 8. Nxd4
Qa5 9. Bd3 e5 10. Nc2 e4 11. Be2 dxc4 12. Bxc4 Bg4 13. Qc1 Nc6 14. O-O Qg5 15.
Ne2 Rac8 16. Qe1 a6 17. b4 Ne5 18. Bxe5 Qxe5 19. Bb3 Rfd8 20. Ncd4 Bf8 21. Ng3
h5 22. h3 Bd7 23. a3 h4 24. Nge2 Nh5 25. f4 exf3 26. Rxf3 Be8 27. Qxh4 Be7 28.
Qf2 Nf6 29. Qg3 Qxg3 30. Rxg3 Kh7 31. Rf1 Ne4 32. Rgf3 Nd2 33. Rxf7+ Kh6 34.
Rxe7 Nxf1 35. Kxf1 Bd7 36. Ne6 Bxe6 37. Rxe6 Rf8+ 38. Nf4 Kh7 39. Rxg6 Rxf4+
40. exf4 Kxg6 41. Bd5 Rc7 42. a4 b6 43. b5 axb5 44. axb5 Kf5 45. g3 Rc2 46. Kg1
Rd2 47. Bc6 Rb2 48. Kh1 Kf6 49. Bd7 Rd2 50. Bc6 Ke6 51. Kg1 Rb2 52. Kh1 Kd6 53.
Kg1 Rd2 54. Kh1 Kc5 55. Kg1 Kd6 56. Kh1 Ke6 57. Kg1 Kd6 58. Kh1 Kc5 59. Kg1 Rb2
60. Kh1 Kd4 61. Kg1 Kc5 62. Kh1 Re2 63. Kg1 1/2-1/2

[Event "Open SSM Inverno"]
[Site "Milano ITA"]
[Date "2014.01.16"]
[Round "2"]
[White "Montoli, Marco"]
[Black "Papale, Carmelo"]
[WhiteElo "1981"]
[BlackElo "1821"]
[Result "1-0"]
[PlyCount "95"]
[EventDate "2014.01.14"]

1. c4 e5 2. g3 Nc6 3. Nc3 g6 4. Bg2 Bg7 5. e4 Nge7 6. Nge2 d6 7. d3 O-O 8. O-O
Be6 9. Nd5 Qd7 10. Be3 h6 11. Qd2 Kh7 12. Rad1 Bh3 13. Bxh3 Qxh3 14. Nxc7 Rac8
15. Nd5 f5 16. f4 Nxd5 17. cxd5 Nd4 18. Bxd4 exd4 19. Rc1 Rce8 20. Rc7 Kh8 21.
Qc2 Bf6 22. Qc4 fxe4 23. Nxd4 e3 24. Ne6 e2 25. Re1 Qg4 26. Qe4 Rg8 27. Rxe2
Rc8 28. Rxc8 Rxc8 29. Kg2 Rc1 30. h3 Qf5 31. g4 Qxe4+ 32. dxe4 Kg8 33. e5 Be7
34. Rd2 Kf7 35. Nd4 Rc5 36. Nf3 Rc4 37. exd6 Bxd6 38. Ne5+ Bxe5 39. fxe5 Re4
40. e6+ Ke7 41. Kf3 Re1 42. Kf2 Re4 43. Kg3 Kd6 44. Kf3 Re1 45. Re2 Rf1+ 46.
Ke4 g5 47. Kd3 Rd1+ 48. Kc2 1-0

[Event "Open SSM Inverno"]
[Site "Milano ITA"]
[Date "2014.01.16"]
[Round "2"]
[White "Nepi, Ezio"]
[Black "Silari, Andrea"]
[WhiteElo "1918"]
[BlackElo "1749"]
[Result "1-0"]
[PlyCount "43"]
[EventDate "2014.01.14"]

1. d4 Nf6 2. c4 g6 3. Nc3 Bg7 4. e4 d6 5. Be2 O-O 6. Nf3 e5 7. O-O exd4 8. Nxd4
Re8 9. f3 c6 10. Nc2 a5 11. Be3 Na6 12. Qd2 Qc7 13. Rad1 Bf8 14. Bf4 Rd8 15. e5
Ne8 16. Ne4 Bf5 17. exd6 Bxd6 18. Bxd6 Nxd6 19. Nf6+ Kg7 20. Qc3 Kh6 21. Ne3 g5
22. Rxd6 1-0

[Event "Open SSM Inverno"]
[Site "Milano ITA"]
[Date "2014.01.16"]
[Round "2"]
[White "Pelizzola, Danilo"]
[Black "Ciciotti, Augusto"]
[WhiteElo "2127"]
[BlackElo "1903"]
[Result "1-0"]
[PlyCount "61"]
[EventDate "2014.01.14"]

1. e4 c5 2. Nf3 d6 3. d4 cxd4 4. Nxd4 Nf6 5. Nc3 a6 6. Be2 e5 7. Nb3 Be6 8. Be3
Nbd7 9. a4 Be7 10. O-O O-O 11. Qd2 Qc7 12. Rfd1 Rfd8 13. Qe1 Nb6 14. a5 Nc4 15.
Bxc4 Qxc4 16. Bb6 Re8 17. Nc5 dxc5 18. Ra4 Qxa4 19. Nxa4 Rac8 20. Nc3 Nd7 21.
Nd5 Nxb6 22. axb6 Bd8 23. c4 Rc6 24. Qa5 Bxd5 25. exd5 Rxb6 26. Qxc5 Rxb2 27.
Qc8 Kf8 28. c5 Bh4 29. Qc7 Bxf2+ 30. Kh1 Bd4 31. d6 1-0

[Event "Open SSM Inverno"]
[Site "Milano ITA"]
[Date "2014.01.16"]
[Round "2"]
[White "Pollio, Ciro"]
[Black "Bossi, Alessandro"]
[WhiteElo "1761"]
[BlackElo "2031"]
[Result "0-1"]
[PlyCount "64"]
[EventDate "2014.01.14"]

1. d4 Nf6 2. c4 c5 3. d5 e6 4. Nc3 exd5 5. cxd5 d6 6. e4 g6 7. h3 Bg7 8. Bd3
O-O 9. Nf3 a6 10. a4 Re8 11. O-O Nbd7 12. Bf4 c4 13. Bb1 Nc5 14. Qe2 Nfxe4 15.
Nxe4 Nxe4 16. Qxc4 b5 17. axb5 axb5 18. Qxe4 Rxa1 19. Qb4 Ra4 20. Qd2 Qf6 21.
Bg3 Qxb2 22. Qxb2 Bxb2 23. Bxd6 Rd8 24. Be7 Rxd5 25. Bc2 Ra1 26. Bb3 Rd7 27.
Bb4 Rc7 28. Rxa1 Bxa1 29. Kf1 Be6 30. Bxe6 fxe6 31. Ke2 Rc4 32. Bd2 e5 0-1

[Event "Open SSM Inverno"]
[Site "Milano ITA"]
[Date "2014.01.16"]
[Round "2"]
[White "Ruggeri, Igor"]
[Black "Taccani Stella, Alberto"]
[WhiteElo "1612"]
[BlackElo "1380"]
[Result "1-0"]
[PlyCount "91"]
[EventDate "2014.01.14"]

1. d4 d5 2. c4 e6 3. Nc3 Bb4 4. a3 Bxc3+ 5. bxc3 Nf6 6. Bg5 h6 7. Bh4 O-O 8. e3
Nbd7 9. Qb3 c6 10. Bd3 Qb6 11. Qc2 Re8 12. Nf3 e5 13. dxe5 Nxe5 14. Nxe5 Rxe5
15. Bxf6 gxf6 16. O-O Be6 17. Rab1 Qc7 18. cxd5 Bxd5 19. Rb4 Rh5 20. Rg4+ Rg5
21. Bh7+ Kg7 22. Bf5 Rxg4 23. Bxg4 Qe5 24. c4 Qe4 25. Qxe4 Bxe4 26. Rd1 Bc2 27.
Rd7 b6 28. Bf3 Ba4 29. Bh5 Rf8 30. Rxa7 Bc2 31. Rb7 b5 32. cxb5 cxb5 33. h3 Bg6
34. Rxb5 Bxh5 35. Rxh5 Ra8 36. Rh4 Rxa3 37. Rf4 Ra1+ 38. Kh2 Ra5 39. e4 Kg6 40.
Kg3 Rg5+ 41. Rg4 Rxg4+ 42. Kxg4 h5+ 43. Kf4 Kh6 44. Kf5 Kg7 45. h4 Kf8 46. Kxf6
1-0

[Event "Open SSM Inverno"]
[Site "Milano ITA"]
[Date "2014.01.16"]
[Round "2"]
[White "Verderame, Alberto"]
[Black "Dicuonzo, Antonio"]
[WhiteElo "1474"]
[BlackElo "1645"]
[Result "1-0"]
[PlyCount "73"]
[EventDate "2014.01.14"]

1. Nf3 Nf6 2. d4 d5 3. b3 e6 4. Bb2 Be7 5. Nbd2 Nbd7 6. e3 O-O 7. Bd3 c5 8. Qe2
a6 9. O-O Qc7 10. Ne5 b5 11. c4 Rb8 12. cxd5 exd5 13. Rac1 c4 14. Bc2 Kh8 15.
Bf5 Nxe5 16. Bxc8 Nd3 17. Qxd3 Rfxc8 18. Qc2 Ng4 19. Nf3 Rb6 20. Ne5 Nxe5 21.
dxe5 Rc6 22. bxc4 dxc4 23. a3 c3 24. Ba1 Bxa3 25. Rb1 Qxe5 26. Rfd1 Bd6 27. g3
b4 28. Rd3 a5 29. f4 Qb5 30. Bxc3 Qf5 31. Rbd1 Be7 32. Rd8+ Bxd8 33. Qxf5 Rxc3
34. Qb5 g6 35. Qe5+ Kg8 36. Qe8+ Kg7 37. Rxd8 1-0

[Event "Open SSM Inverno"]
[Site "Milano ITA"]
[Date "2014.01.21"]
[Round "3"]
[White "Alidosi, Marco"]
[Black "Casamassima, Paolo"]
[WhiteElo "1775"]
[BlackElo "1677"]
[Result "0-1"]
[PlyCount "134"]
[EventDate "2014.01.14"]

1. Nf3 Nf6 2. d4 d5 3. Bf4 Bg4 4. Nbd2 c6 5. c3 Nbd7 6. h3 Bh5 7. Qb3 Qb6 8. e3
Qxb3 9. axb3 e6 10. Bd3 Bxf3 11. Nxf3 Ne4 12. b4 Be7 13. O-O O-O 14. Ra2 Nb6
15. Bxe4 dxe4 16. Nd2 f5 17. Rfa1 a6 18. Nb3 Nd5 19. Be5 Rad8 20. Nc5 Bxc5 21.
bxc5 g5 22. Rc1 Rf7 23. g3 h5 24. Kh2 Rh7 25. Rg1 Kf7 26. Raa1 Rd7 27. h4 g4
28. Ra4 Kg6 29. c4 Ne7 30. b4 Nc8 31. Rb1 Na7 32. Bb8 Nc8 33. b5 cxb5 34. cxb5
axb5 35. Rxb5 Ne7 36. Bd6 Nc6 37. Ra8 Nd8 38. Rb6 Kf7 39. Rc8 Ke8 40. Bf4 Kf7
41. Rb1 Nc6 42. Ra1 Ne7 43. Rca8 Kg6 44. Bd6 Nd5 45. Re8 Kf6 46. Be5+ Kf7 47.
Raa8 Ne7 48. Bf4 Ng6 49. Bd6 Kf6 50. Ra5 Kf7 51. Rb8 Kf6 52. Ra7 e5 53. d5 f4
54. Raa8 Rhf7 55. Rd8 f3 56. Rac8 Ne7 57. Rxd7 Nxc8 58. Rxf7+ Kxf7 59. Bxe5 Ne7
60. d6 Nc6 61. Bf4 Ke6 62. Bg5 Nb4 63. Bd8 Nd3 64. Kg1 Nxc5 65. Kf1 Kxd6 66.
Ke1 Nd3+ 67. Kf1 b5 0-1

[Event "Open SSM Inverno"]
[Site "Milano ITA"]
[Date "2014.01.21"]
[Round "3"]
[White "Blengino, Cristiano"]
[Black "Nepi, Ezio"]
[WhiteElo "1933"]
[BlackElo "1918"]
[Result "0-1"]
[PlyCount "53"]
[EventDate "2014.01.14"]

1. d4 d5 2. c4 c6 3. Nf3 Nf6 4. Nc3 e6 5. Bg5 h6 6. Bxf6 Qxf6 7. e3 Nd7 8. Bd3
dxc4 9. Bxc4 g6 10. O-O Bg7 11. Rc1 O-O 12. e4 e5 13. d5 Nb6 14. Bb3 Bg4 15. h3
Bxf3 16. Qxf3 Qxf3 17. gxf3 Rfd8 18. Rfd1 h5 19. dxc6 bxc6 20. Rxd8+ Rxd8 21.
Nd1 Rd6 22. Rc5 Kf8 23. Ne3 Bf6 24. Kf1 Bd8 25. Rxe5 Nd7 26. Nc4 Rd4 27. Ke2
0-1

[Event "Open SSM Inverno"]
[Site "Milano ITA"]
[Date "2014.01.21"]
[Round "3"]
[White "Bossi, Alessandro"]
[Black "Pelizzola, Danilo"]
[WhiteElo "2031"]
[BlackElo "2127"]
[Result "1-0"]
[PlyCount "45"]
[EventDate "2014.01.14"]

1. e4 c5 2. b3 Nc6 3. Bb2 Nf6 4. Nc3 d6 5. Bb5 Bd7 6. Bxc6 Bxc6 7. Qe2 e5 8. f4
exf4 9. Nf3 Be7 10. O-O-O O-O 11. g3 d5 12. e5 Ne4 13. gxf4 f6 14. Rhg1 fxe5
15. Nxe4 dxe4 16. Nxe5 Bf6 17. d3 exd3 18. Rxd3 Qe7 19. Rdg3 Rae8 20. Qc4+ Kh8
21. Rh3 Bxe5 22. Bxe5 Rf7 23. Qd3 1-0

[Event "Open SSM Inverno"]
[Site "Milano ITA"]
[Date "2014.01.21"]
[Round "3"]
[White "Brisotto, Stefano"]
[Black "Taccani Stella, Alberto"]
[WhiteElo "1492"]
[BlackElo "1380"]
[Result "0-1"]
[PlyCount "54"]
[EventDate "2014.01.14"]

1. e4 d6 2. d4 Nf6 3. Nc3 e6 4. Bd3 Be7 5. f4 a6 6. Nf3 h6 7. O-O b5 8. e5 Nfd7
9. Be3 d5 10. f5 exf5 11. Nxd5 Nb6 12. Nxb6 cxb6 13. Qe2 Be6 14. c4 bxc4 15.
Bxc4 Bxc4 16. Qxc4 b5 17. Qe2 g6 18. Rad1 Qd7 19. d5 Bg5 20. Nxg5 hxg5 21. Bxg5
Qa7+ 22. Kh1 Nd7 23. e6 fxe6 24. dxe6 Nc5 25. Be3 Rc8 26. Rd5 Qc7 27. Rxc5
Qxh2# 0-1

[Event "Open SSM Inverno"]
[Site "Milano ITA"]
[Date "2014.01.21"]
[Round "3"]
[White "Carito, Riccardo"]
[Black "Croso, Marco"]
[WhiteElo "1712"]
[BlackElo "1861"]
[Result "1/2-1/2"]
[PlyCount "73"]
[EventDate "2014.01.14"]

1. d4 d5 2. Nf3 Nf6 3. e3 Bg4 4. Nbd2 e6 5. Bd3 Nbd7 6. O-O c5 7. c3 Bd6 8. b3
O-O 9. Qc2 Rc8 10. Qb1 e5 11. dxe5 Nxe5 12. Bf5 Rc6 13. Bxg4 Nexg4 14. h3 Ne5
15. Bb2 Qe7 16. Nxe5 Bxe5 17. Nf3 Bc7 18. Rd1 Rd8 19. Qf5 h6 20. c4 g6 21. Qc2
dxc4 22. Rxd8+ Qxd8 23. Qxc4 b6 24. Ne5 Bxe5 25. Bxe5 Kf8 26. Qc2 Qd5 27. Bxf6
Rxf6 28. Rd1 Qe5 29. Qd2 Re6 30. Qd7 Re7 31. Qc8+ Re8 32. Qb7 Qb8 33. Qxb8 Rxb8
34. Rd7 a6 35. Kf1 Kg7 36. Ke2 Kf6 37. Kd2 1/2-1/2

[Event "Open SSM Inverno"]
[Site "Milano ITA"]
[Date "2014.01.21"]
[Round "3"]
[White "Ciciotti, Augusto"]
[Black "Aloe, Giancarlo"]
[WhiteElo "1903"]
[BlackElo "1719"]
[Result "1/2-1/2"]
[PlyCount "77"]
[EventDate "2014.01.14"]

1. d4 d5 2. c4 c6 3. Nf3 Nf6 4. Qc2 g6 5. Bf4 Bf5 6. Qb3 Qb6 7. Nc3 Bg7 8. e3
Qxb3 9. axb3 Na6 10. h3 Nb4 11. Kd2 Ne4+ 12. Nxe4 Bxe4 13. Ng5 Bf5 14. Ra4 a5
15. g4 Bd7 16. c5 O-O 17. Be2 Rfe8 18. Nf3 f6 19. Bc7 e5 20. Bxa5 Na6 21. Bb6
exd4 22. Nxd4 f5 23. Rha1 Bxd4 24. Rxd4 Re4 25. Rxe4 dxe4 26. Bc4+ Kf8 27. g5
Ke7 28. Ra4 Be6 29. Bxe6 Kxe6 30. Kc3 Re8 31. Rd4 Re7 32. Rd6+ Kf7 33. Kc4 Nb8
34. Kd4 Rd7 35. Rxd7+ Nxd7 36. Bc7 Ke6 37. Bd6 b6 38. b4 b5 39. b3 1/2-1/2

[Event "Open SSM Inverno"]
[Site "Milano ITA"]
[Date "2014.01.21"]
[Round "3"]
[White "Colica, Daniele"]
[Black "Verderame, Alberto"]
[WhiteElo "1698"]
[BlackElo "1474"]
[Result "1-0"]
[PlyCount "59"]
[EventDate "2014.01.14"]

1. Nf3 b5 2. b3 d6 3. d4 Nf6 4. Nbd2 c6 5. Bb2 Bg4 6. e3 Nbd7 7. Be2 e6 8. O-O
Be7 9. c4 a6 10. Qc2 b4 11. h3 Bh5 12. Rfe1 c5 13. Rad1 d5 14. Ne5 Bxe2 15.
Rxe2 O-O 16. Nc6 Qe8 17. e4 dxe4 18. Nxe4 Nxe4 19. Rxe4 Bd6 20. d5 e5 21. Bxe5
Nxe5 22. f4 f5 23. Rxe5 Bxe5 24. fxe5 f4 25. Qe4 Qh5 26. Rd3 Qg5 27. d6 f3 28.
Rxf3 Rxf3 29. Qxf3 Rf8 30. Ne7+ 1-0